| 000 | 00458nam a22001457a 4500 | ||
|---|---|---|---|
| 003 | MACL | ||
| 005 | 20190528160309.0 | ||
| 008 | 190528b xxu||||| |||| 00| 0 eng d | ||
| 040 | _cMACL | ||
| 100 |
_aशर्मा,डॉ. जयभगवान _975023 |
||
| 245 | _aस्वच्छता और हम | ||
| 260 |
_aदिल्ली _bअनिल प्रकाशन _c2018 |
||
| 650 |
_aपर्यावरण _936465 |
||
| 942 |
_2ddc _cHIN |
||
| 999 |
_c59892 _d59892 |
||